[Event "ROM-ch U08 Girls"]
[Site "Calimanesti"]
[Date "2013.04.06"]
[Round "7"]
[White "Marinescu, Medeea Maria"]
[Black "Cismaru, Alexandra Nicola"]
[Result "0-1"]
[WhiteElo "1001"]
[BlackElo "1156"]
[PlyCount "102"]
[EventDate "2013.04.02"]
[EventType "swiss"]
[EventRounds "9"]
[EventCountry "ROU"]
[SourceTitle "CBM 153 Extra"]
[Source "ChessBase"]
[SourceDate "2013.04.22"]
[SourceVersion "1"]
[SourceVersionDate "2013.04.22"]
[SourceQuality "1"]

1. e4 e5 2. Nf3 Nc6 3. c3 Nf6 4. d4 d6 5. dxe5 Nxe4 6. Bd3 Bf5 7. Nbd2 d5 8. b3
Nxc3 9. Qc2 Bxd3 10. Qxd3 Ne4 11. Nxe4 dxe4 12. Qxe4 Bb4+ 13. Bd2 Bxd2+ 14.
Nxd2 O-O 15. O-O Qxd2 16. Rad1 Qg5 17. Rd5 Qe7 18. Rfd1 h6 19. Rd7 Qa3 20. h3
Qxa2 21. R1d3 Qb1+ 22. Kh2 Qb2 23. Rxc7 Qxe5+ 24. Qxe5 Nxe5 25. Rd5 Ng6 26.
Rxb7 Nf4 27. Rdd7 a5 28. b4 a4 29. Ra7 Rxa7 30. Rxa7 Re8 31. Rxa4 Re2 32. Kg3
Nh5+ 33. Kf3 Re8 34. b5 Rd8 35. Rb4 Rd3+ 36. Ke4 Rd8 37. g4 Nf6+ 38. Ke3 Re8+
39. Kf4 g5+ 40. Kf3 Nd5 41. b6 Nxb4 42. Kg3 Rb8 43. h4 Rxb6 44. hxg5 hxg5 45.
f4 f6 46. f5 Rd6 47. Kf2 Rd3 48. Ke2 Kf7 49. Kf2 Ke7 50. Ke1 Nc2+ 51. Ke2 Nb4
0-1

[Event "Remote S7E-153 email"]
[Site "Remote email"]
[Date "2013.04.06"]
[Round "?"]
[White "Tortoza, Carlos Alberto"]
[Black "Pieleck, Rudolf"]
[Result "0-1"]
[WhiteElo "1503"]
[BlackElo "1707"]
[PlyCount "52"]
[EventDate "2013.??.??"]
[EventType "tourn (corr)"]
[EventRounds "6"]
[EventCountry "GER"]
[SourceTitle "OM Corr 202003"]
[Source "Opening Master"]
[SourceDate "2019.05.30"]
[SourceVersion "2"]
[SourceVersionDate "2019.05.30"]
[SourceQuality "1"]

1. e4 e5 2. Nf3 Nc6 3. c3 Nf6 4. d3 Be7 5. Be2 d5 6. Qc2 O-O 7. O-O dxe4 8.
dxe4 Be6 9. Bg5 Nd7 10. Bxe7 Qxe7 11. Na3 Nb6 12. b3 Qxa3 13. Ng5 Bd7 14. f4
exf4 15. Rxf4 Qc5+ 16. Kh1 Ne5 17. Raf1 Bb5 18. Bxb5 Qxb5 19. c4 Qd7 20. c5 Nc8
21. b4 Qd3 22. Qf2 Ng4 23. Rxg4 Qc4 24. Nxh7 Kxh7 25. Qh4+ Kg8 26. e5 Qxf1# 0-1

[Event "corr RemoteSchachS7E-153"]
[Site "www.remoteschach.de"]
[Date "2013.04.06"]
[Round "?"]
[White "Tortoza, Carlos Alberto"]
[Black "Klein, Werner"]
[Result "1-0"]
[WhiteElo "1503"]
[BlackElo "1827"]
[PlyCount "81"]
[EventDate "2013.??.??"]
[EventType "tourn (corr)"]
[SourceTitle "OM Corr 202003"]
[Source "Opening Master"]
[SourceDate "2019.05.30"]
[SourceVersion "2"]
[SourceVersionDate "2019.05.30"]
[SourceQuality "1"]

1. e4 e5 2. Nf3 Nc6 3. c3 Nf6 4. Bc4 Be7 5. O-O O-O 6. d3 h6 7. Be3 d6 8. h3 a6
9. b4 b5 10. Bb3 d5 11. exd5 Nxd5 12. Bc5 Bxc5 13. bxc5 Nf4 14. Nh2 Bf5 15. Bc2
Nxd3 16. Qf3 Qd7 17. Rd1 e4 18. Qg3 Ne7 19. a4 Nd5 20. Bxd3 exd3 21. Rxd3 Bxd3
22. Qxd3 c6 23. Nd2 Qe7 24. Ne4 Nf6 25. Nd6 Rad8 26. Qg3 Nd7 27. Nb7 Rb8 28.
Nd6 Nxc5 29. a5 Rbd8 30. Nf5 Qf6 31. Ng4 Ne6 32. Nxf6+ Kh8 33. Ng4 Rd5 34. Ne7
Rd2 35. Ne5 c5 36. f4 b4 37. cxb4 cxb4 38. f5 Nd4 39. Kh2 Re8 40. Nxf7+ Kh7 41.
Qg6# 1-0

[Event "Sachsen-ch U10"]
[Site "Sebnitz"]
[Date "2013.04.04"]
[Round "4"]
[White "Schubert, Christoph"]
[Black "Sehmsdorf, Johann"]
[Result "1-0"]
[WhiteElo "1074"]
[BlackElo "910"]
[PlyCount "89"]
[EventDate "2013.04.02"]
[EventType "swiss"]
[EventRounds "7"]
[EventCountry "GER"]
[SourceTitle "EXT 2014"]
[Source "ChessBase"]
[SourceDate "2013.11.20"]
[SourceVersion "1"]
[SourceVersionDate "2013.11.20"]
[SourceQuality "1"]

1. e4 e5 2. Nf3 Nc6 3. c3 Nf6 4. d4 d6 5. d5 Ne7 6. Bd3 c6 7. c4 g6 8. Nc3 Bg7
9. O-O O-O 10. Be3 c5 11. Rb1 b6 12. Qd2 Ng4 13. Bg5 f6 14. Be3 Nxe3 15. Qxe3
f5 16. exf5 Nxf5 17. Bxf5 Bxf5 18. Rbe1 a6 19. a3 Ra7 20. b4 Rb7 21. bxc5 bxc5
22. Rd1 Rb3 23. Qc1 e4 24. Nd2 Rxc3 25. Qb2 Qc7 26. Nb1 Rb8 27. Qe2 Rcb3 28.
Rc1 Bd4 29. Nd2 Rd3 30. Nxe4 Rb2 31. Qxd3 Bxe4 32. Qxe4 Qa5 33. Qe8+ Kg7 34.
Qd7+ Kh6 35. Qxd6 Qd2 36. Qg3 Qe2 37. Qh4+ Kg7 38. Rce1 Qxc4 39. Re7+ Kf8 40.
Re4 Rxf2 41. Qh6+ Kf7 42. Qxh7+ Kf6 43. Re6+ Kf5 44. Qxg6+ Kf4 45. Re4# 1-0

[Event "ROM-ch U12 Girls"]
[Site "Calimanesti"]
[Date "2013.04.04"]
[Round "4"]
[White "Colonescu, Anna Diana"]
[Black "Banzea, Izabela Georgeta"]
[Result "1-0"]
[WhiteElo "1526"]
[BlackElo "1147"]
[PlyCount "71"]
[EventDate "2013.04.02"]
[EventType "swiss"]
[EventRounds "9"]
[EventCountry "ROU"]
[SourceTitle "CBM 153 Extra"]
[Source "ChessBase"]
[SourceDate "2013.04.22"]
[SourceVersion "1"]
[SourceVersionDate "2013.04.22"]
[SourceQuality "1"]

1. e4 e5 2. Nf3 Nc6 3. c3 Nf6 4. d3 h6 5. Be2 Bc5 6. b4 Bb6 7. b5 Ne7 8. Nxe5
d6 9. Nf3 O-O 10. O-O Bd7 11. a4 a6 12. bxa6 Rxa6 13. d4 Ra8 14. e5 Ne8 15. Bf4
dxe5 16. Nxe5 Bf5 17. Nd2 f6 18. Qb3+ Kh7 19. Nec4 Nd5 20. Be3 Nd6 21. Nxb6
Nxb6 22. c4 Be6 23. d5 Bd7 24. c5 Bxa4 25. Qd3+ Kh8 26. cxb6 cxb6 27. Qg6 Be8
28. Rxa8 Qxa8 29. Qg3 Qd8 30. Bf4 Nf5 31. Qd3 Ne7 32. d6 Ng6 33. Bg3 Ne5 34.
Bxe5 fxe5 35. Nc4 Bb5 36. Qe4 1-0

[Event "ROM-ch U10"]
[Site "Calimanesti"]
[Date "2013.04.04"]
[Round "4"]
[White "Stoian, Cristian Georgian"]
[Black "Berechet, Stefan Mario"]
[Result "1-0"]
[WhiteElo "1477"]
[BlackElo "1285"]
[PlyCount "105"]
[EventDate "2013.04.02"]
[EventType "swiss"]
[EventRounds "9"]
[EventCountry "ROU"]
[SourceTitle "CBM 153 Extra"]
[Source "ChessBase"]
[SourceDate "2013.04.22"]
[SourceVersion "1"]
[SourceVersionDate "2013.04.22"]
[SourceQuality "1"]

1. e4 e5 2. Nf3 Nc6 3. c3 d6 4. d4 Bg4 5. d5 Nce7 6. Bg5 h6 7. Bb5+ c6 8. dxc6
bxc6 9. Bxc6+ Nxc6 10. Bxd8 Rxd8 11. O-O g6 12. Nbd2 Nf6 13. h3 Be6 14. b4 Bg7
15. b5 Ne7 16. a4 O-O 17. c4 Rc8 18. Qe2 Rc7 19. a5 Rb8 20. Rfb1 Nc8 21. Rb2
Nd7 22. Rab1 Rcb7 23. Nb3 Rc7 24. Nfd2 f5 25. Rc1 f4 26. Rbc2 Bf8 27. Qd3 Be7
28. Kh2 Kg7 29. g3 g5 30. gxf4 exf4 31. Nd4 Bf7 32. Nf5+ Kg6 33. Nxe7+ Nxe7 34.
Qxd6+ Nf6 35. Qxc7 Re8 36. e5 Nh5 37. Qd6+ Kg7 38. Nb3 Ng6 39. Nd4 Nh4 40. e6
Bg6 41. Rc3 Nf6 42. f3 Nh5 43. b6 axb6 44. axb6 Ng3 45. b7 Nhf5 46. Nxf5+ Nxf5
47. Qc7+ Re7 48. Qxe7+ Nxe7 49. b8=Q Kf6 50. Qf8+ Kxe6 51. Re1+ Kd6 52. Qxe7+
Kc6 53. Re6# 1-0

[Event "ROM-ch U12 Girls"]
[Site "Calimanesti"]
[Date "2013.04.03"]
[Round "2"]
[White "Colonescu, Anna Diana"]
[Black "Secrieru, Maria Georgiana"]
[Result "1-0"]
[WhiteElo "1526"]
[BlackElo "1001"]
[PlyCount "51"]
[EventDate "2013.04.02"]
[EventType "swiss"]
[EventRounds "9"]
[EventCountry "ROU"]
[SourceTitle "CBM 153 Extra"]
[Source "ChessBase"]
[SourceDate "2013.04.22"]
[SourceVersion "1"]
[SourceVersionDate "2013.04.22"]
[SourceQuality "1"]

1. e4 e5 2. Nf3 Nc6 3. c3 Bc5 4. b4 Be7 5. b5 Na5 6. Nxe5 d6 7. Nf3 b6 8. d4
Nf6 9. Nbd2 O-O 10. Bd3 Bd7 11. O-O h6 12. Re1 Be6 13. Nf1 Bc4 14. Ng3 Qd7 15.
e5 dxe5 16. Nxe5 Qxb5 17. Nxc4 Nxc4 18. Rxe7 c5 19. Qe2 Rfe8 20. Nf5 Rxe7 21.
Nxe7+ Kf8 22. Bxc4 Qd7 23. Qf3 Re8 24. Bxh6 gxh6 25. Qxf6 Qxe7 26. Qh8# 1-0

[Event "Hofheim Spring op-B 1st"]
[Site "Hofheim"]
[Date "2013.04.02"]
[Round "1"]
[White "Makilla, Tobias"]
[Black "Minko, Dmitry"]
[Result "1-0"]
[WhiteElo "1948"]
[BlackElo "1651"]
[PlyCount "89"]
[EventDate "2013.04.02"]
[EventType "swiss"]
[EventRounds "9"]
[EventCountry "GER"]
[SourceTitle "OM OTB B 201907"]
[Source "Opening Master"]
[SourceDate "2019.07.06"]
[SourceVersion "2"]
[SourceVersionDate "2019.07.06"]
[SourceQuality "1"]

1. e4 e5 2. Nf3 Nc6 3. c3 Nf6 4. d4 exd4 5. e5 Nd5 6. cxd4 Bb4+ 7. Bd2 O-O 8.
Bxb4 Ncxb4 9. Qb3 c6 10. a3 Qa5 11. Nc3 Nxc3 12. Qxb4 Qxb4 13. axb4 Nd5 14. b5
Re8 15. Bc4 Nf4 16. O-O b6 17. Ra3 Bb7 18. Rfa1 cxb5 19. Bxb5 a5 20. Nh4 Bc6
21. Bf1 Rad8 22. Nf5 Re6 23. Nd6 Nd5 24. Rb3 f6 25. Nc4 a4 26. Rg3 b5 27. Ne3
Nxe3 28. Rxe3 fxe5 29. Rxe5 Rxe5 30. dxe5 Re8 31. Re1 d6 32. Rc1 Bd7 33. exd6
Re6 34. Rd1 Kf8 35. f4 Ke8 36. Rd5 b4 37. Kf2 Bc6 38. Bb5 Kd7 39. Bxc6+ Kxc6
40. d7 Kxd5 41. d8=Q+ Rd6 42. Qg8+ Kc5 43. Qxg7 b3 44. Qc7+ Kd5 45. Qa5+ 1-0

[Event "ROM-ch U10 Girls"]
[Site "Calimanesti"]
[Date "2013.04.02"]
[Round "1"]
[White "Parausanu, Adriana Georgia"]
[Black "Avadani, Teodora"]
[Result "0-1"]
[WhiteElo "1001"]
[BlackElo "1102"]
[PlyCount "64"]
[EventDate "2013.04.02"]
[EventType "swiss"]
[EventRounds "9"]
[EventCountry "ROU"]
[SourceTitle "CBM 153 Extra"]
[Source "ChessBase"]
[SourceDate "2013.04.22"]
[SourceVersion "1"]
[SourceVersionDate "2013.04.22"]
[SourceQuality "1"]

1. e4 e5 2. Nf3 Nc6 3. c3 Nf6 4. d4 exd4 5. cxd4 Nxe4 6. Bd3 Nf6 7. O-O Be7 8.
Bc2 O-O 9. Ng5 d5 10. Nxh7 Nxh7 11. Bxh7+ Kxh7 12. Qh5+ Kg8 13. b3 g6 14. Qh6
Nxd4 15. Bb2 Bg5 16. Qh3 Bxh3 17. gxh3 Nc2 18. Nc3 Nxa1 19. Rxa1 Bf6 20. Ba3
Bxc3 21. Rc1 Bg7 22. Bxf8 Bxf8 23. Re1 d4 24. Rd1 d3 25. Kf1 d2 26. Ke2 Bb4 27.
a3 Bc3 28. f3 Qd4 29. f4 Re8+ 30. Kf1 Re1+ 31. Rxe1 dxe1=Q+ 32. Kg2 Qdf2# 0-1

[Event "FICS rated standard game"]
[Site "FICS freechess.org"]
[Date "2013.04.02"]
[Round "?"]
[White "tsaichaojo"]
[Black "Mangis"]
[Result "1-0"]
[WhiteElo "2070"]
[BlackElo "2137"]
[PlyCount "59"]
[EventDate "2013.??.??"]
[SourceTitle "OM Portal C 201906"]
[Source "Opening Master"]
[SourceDate "2019.06.27"]
[SourceVersion "1"]
[SourceVersionDate "2019.06.27"]
[SourceQuality "1"]

1. e4 e5 2. Nf3 Nc6 3. c3 d5 4. Qa4 dxe4 5. Nxe5 Bd7 6. Nxd7 Qxd7 7. Qxe4+ Nge7
8. d4 O-O-O 9. Be3 Nd5 10. Bc4 Nxe3 11. fxe3 Re8 12. Qf3 f5 13. Nd2 g6 14.
O-O-O Na5 15. Kb1 Bh6 16. Rhe1 Nxc4 17. Nxc4 Bg7 18. e4 Qc6 19. Nd2 fxe4 20.
Rxe4 Ref8 21. Qh3+ Kb8 22. Rde1 Rf2 23. Qxh7 Qxe4+ 24. Nxe4 Rxh7 25. Nxf2 Rh8
26. h3 Rf8 27. Ng4 b6 28. Kc2 Kc8 29. Re7 Bf6 30. Re6 1-0

[Event "Neckar op-A 17th"]
[Site "Deizisau"]
[Date "2013.04.01"]
[Round "9"]
[White "Neuman, Petr"]
[Black "Solleveld, Maarten"]
[Result "1-0"]
[WhiteElo "2465"]
[BlackElo "2519"]
[PlyCount "85"]
[EventDate "2013.03.28"]
[EventType "swiss"]
[EventRounds "9"]
[EventCountry "GER"]
[SourceTitle "CBM 153 Extra"]
[Source "ChessBase"]
[SourceDate "2013.04.22"]
[SourceVersion "1"]
[SourceVersionDate "2013.04.22"]
[SourceQuality "1"]

1. e4 e5 2. Nf3 Nc6 3. c3 d5 4. d3 Nf6 5. Nbd2 a5 6. Be2 Bc5 7. O-O O-O 8. b3
Re8 9. Bb2 Ba7 10. a3 dxe4 11. dxe4 Nh5 12. b4 Nf4 13. b5 Nb8 14. c4 Bg4 15. h3
Bh5 16. Kh2 f6 17. g3 Nd3 18. Qc2 Nxb2 19. c5 Qe7 20. Rfc1 Nd7 21. c6 bxc6 22.
bxc6 Nf8 23. Kg2 Rab8 24. Ra2 Bxf3+ 25. Nxf3 Bd4 26. Nxd4 exd4 27. Rxb2 Rxb2
28. Qxb2 Qxe4+ 29. Bf3 Qe5 30. Qb3+ Ne6 31. Qd5 Kf8 32. Rb1 Ng5 33. Rb5 a4 34.
Bd1 Ne4 35. Qc4 Qe6 36. Qb4+ Nd6 37. Bf3 Qe1 38. Rb8 Qc3 39. Rxe8+ Kxe8 40.
Qb8+ Ke7 41. Qxc7+ Ke6 42. Qd7+ Ke5 43. Qe7+ 1-0

[Event "WLS-ch"]
[Site "Cardiff"]
[Date "2013.04.01"]
[Round "7"]
[White "Thorpe, Thomas"]
[Black "Ralphs, Nigel"]
[Result "1-0"]
[WhiteElo "1863"]
[BlackElo "1917"]
[PlyCount "59"]
[EventDate "2013.03.29"]
[EventType "swiss"]
[EventRounds "7"]
[EventCountry "WLS"]
[SourceTitle "EXT 2014"]
[Source "ChessBase"]
[SourceDate "2013.11.20"]
[SourceVersion "1"]
[SourceVersionDate "2013.11.20"]
[SourceQuality "1"]

1. e4 e5 2. Nf3 Nc6 3. c3 Nf6 4. d4 Nxe4 5. d5 Ne7 6. Nxe5 Ng6 7. Nxg6 hxg6 8.
Be3 Be7 9. Bd3 Nf6 10. Bc2 d6 11. c4 Kf8 12. Nc3 c6 13. dxc6 bxc6 14. Qd2 Be6
15. b3 d5 16. cxd5 cxd5 17. O-O Ng4 18. Bf4 Rc8 19. Nb5 Bf6 20. Rac1 Qb6 21.
Bd3 Rxc1 22. Rxc1 Be5 23. Bxe5 Nxe5 24. Nc7 Rh5 25. Nxe6+ Qxe6 26. Be2 Rh6 27.
Rd1 Rh8 28. Qxd5 Ke7 29. Qc5+ Kf6 30. Rd6 1-0

[Event "VM2013/Rd1/Gr6"]
[Site "www.desc-online.de"]
[Date "2013.04.01"]
[Round "1.3"]
[White "Cossmann, Robert"]
[Black "Benson, Paul J"]
[Result "1-0"]
[WhiteElo "2120"]
[BlackElo "1945"]
[PlyCount "55"]
[EventDate "2013.??.??"]
[EventType "corr"]
[SourceTitle "OM Corr 202003"]
[Source "Opening Master"]
[SourceDate "2019.05.30"]
[SourceVersion "2"]
[SourceVersionDate "2019.05.30"]
[SourceQuality "1"]
[WhiteTeam "DESC 2"]
[BlackTeam "CIPR-1"]

1. e4 e5 2. Nf3 Nc6 3. c3 Nf6 4. d4 exd4 5. e5 Nd5 6. Qe2 dxc3 7. Nxc3 Nxc3 8.
bxc3 Be7 9. Qc2 d6 10. exd6 Qxd6 11. Bd3 h6 12. O-O O-O 13. Rd1 Qf6 14. Bb2 Bd6
15. c4 Ne5 16. Kf1 Qf4 17. Bh7+ Kh8 18. Rd4 Qf6 19. Rd5 Be6 20. Rxe5 Bxe5 21.
Nxe5 Qg5 22. Bd3 Kg8 23. Re1 Rfe8 24. Re3 f6 25. Rg3 Qh5 26. Bh7+ Kh8 27. Ng6+
Kxh7 28. Nf8+ 1-0

[Event "corr RSLE-2013 - 3. Klasse"]
[Site "www.remoteschach.de"]
[Date "2013.04.01"]
[Round "?"]
[White "Quinones Borda, Jorge Victor"]
[Black "Teske, Heike"]
[Result "1-0"]
[WhiteElo "2352"]
[BlackElo "2176"]
[PlyCount "113"]
[EventDate "2013.??.??"]
[EventType "tourn (corr)"]
[SourceTitle "OM Corr 202003"]
[Source "Opening Master"]
[SourceDate "2019.05.30"]
[SourceVersion "2"]
[SourceVersionDate "2019.05.30"]
[SourceQuality "1"]

1. e4 e5 2. Nf3 Nc6 3. c3 Nf6 4. d4 exd4 5. e5 Ne4 6. Qe2 f5 7. exf6 d5 8. Nbd2
Qxf6 9. Nxe4 dxe4 10. Qxe4+ Qe6 11. Bd3 dxc3 12. bxc3 Qxe4+ 13. Bxe4 Bd7 14.
O-O O-O-O 15. Ng5 Re8 16. Bxh7 Bd6 17. h3 Be5 18. Bd2 Bf6 19. Bg6 Re2 20. Nf3
Ne5 21. Nxe5 Rxe5 22. Rfc1 Re2 23. Be3 b6 24. Bd3 Rb2 25. c4 Rd8 26. c5 Be6 27.
Ba6+ Kb8 28. Bf4 Rd7 29. Re1 Rxa2 30. Rxa2 Bxa2 31. Re8+ Rd8 32. Rxd8+ Bxd8 33.
Be5 g5 34. g4 bxc5 35. Kg2 c4 36. h4 gxh4 37. f4 Be7 38. Bc3 c6 39. Be5+ Ka8
40. g5 Bb4 41. g6 c3 42. Bd3 a5 43. Bc2 Kb7 44. g7 Bg8 45. f5 Kb6 46. f6 Be6
47. Bg6 Ba3 48. f7 c2 49. g8=Q Bd5+ 50. Kh2 c1=Q 51. Qb8+ Ka6 52. Bd3+ Bc4 53.
Bf4 Qxf4+ 54. Qxf4 Bxd3 55. Qf3 Bd6+ 56. Kh3 Bb5 57. f8=Q 1-0

[Event "Pobeskydy op"]
[Site "Frydek Mistek"]
[Date "2013.03.31"]
[Round "7"]
[White "Cempel, Jaroslav"]
[Black "Petr, Jan1"]
[Result "1-0"]
[WhiteElo "2228"]
[BlackElo "2033"]
[PlyCount "107"]
[EventDate "2013.03.28"]
[EventType "swiss"]
[EventRounds "9"]
[EventCountry "CZE"]
[SourceTitle "CBM 153 Extra"]
[Source "ChessBase"]
[SourceDate "2013.04.22"]
[SourceVersion "1"]
[SourceVersionDate "2013.04.22"]
[SourceQuality "1"]

1. e4 e5 2. Nf3 Nc6 3. c3 Nf6 4. d4 exd4 5. Bg5 h6 6. Bxf6 Qxf6 7. cxd4 Bb4+ 8.
Nc3 O-O 9. Be2 d6 10. h3 Re8 11. Qd3 Bxc3+ 12. bxc3 Qg6 13. Nd2 f5 14. f3 fxe4
15. fxe4 d5 16. e5 Bf5 17. Qf3 Ne7 18. O-O Rf8 19. Qh5 Qxh5 20. Bxh5 Bd3 21.
Rfe1 g6 22. Bd1 Nf5 23. Bg4 Rae8 24. Bxf5 gxf5 25. Re3 Be4 26. g4 Re6 27. gxf5
Bxf5 28. Rf1 Rg6+ 29. Kh2 Rf7 30. Rg3 Kh7 31. Rgf3 Rfg7 32. R1f2 Bc2 33. Rf6
Rg3 34. R6f3 Rg1 35. Rf7 Ra1 36. Nb3 Bxb3 37. axb3 Re1 38. Rxg7+ Kxg7 39. Rf3
Re4 40. Kg3 a6 41. Kf2 b5 42. b4 h5 43. Rf6 h4 44. Rxa6 Rf4+ 45. Ke2 Re4+ 46.
Kf3 Re1 47. Kg4 Re4+ 48. Kf5 Re3 49. Rc6 Rxh3 50. Rxc7+ Kg8 51. e6 Re3 52. Kf6
h3 53. Rg7+ Kh8 54. Rg5 1-0

[Event "Neckar op-A 17th"]
[Site "Deizisau"]
[Date "2013.03.30"]
[Round "4"]
[White "Neuman, Petr"]
[Black "Heimann, Andreas"]
[Result "1/2-1/2"]
[WhiteElo "2465"]
[BlackElo "2488"]
[PlyCount "26"]
[EventDate "2013.03.28"]
[EventType "swiss"]
[EventRounds "9"]
[EventCountry "GER"]
[SourceTitle "CBM 153 Extra"]
[Source "ChessBase"]
[SourceDate "2013.04.22"]
[SourceVersion "1"]
[SourceVersionDate "2013.04.22"]
[SourceQuality "1"]

1. e4 e5 2. Nf3 Nc6 3. c3 d5 4. d3 Nf6 5. Nbd2 a5 6. Be2 Bc5 7. O-O O-O 8. b3
Qe7 9. a3 Rd8 10. Qc2 d4 11. c4 Nh5 12. g3 Bh3 13. Re1 g6 1/2-1/2

[Event "corr RemoteSchachS7E starter-44"]
[Site "www.remoteschach.de"]
[Date "2013.03.28"]
[Round "?"]
[White "Laine, Jari"]
[Black "Grimm, Wolfgang"]
[Result "1-0"]
[WhiteElo "1919"]
[BlackElo "2029"]
[PlyCount "49"]
[EventDate "2013.??.??"]
[EventType "tourn (corr)"]
[SourceTitle "OM Corr 202003"]
[Source "Opening Master"]
[SourceDate "2019.05.30"]
[SourceVersion "2"]
[SourceVersionDate "2019.05.30"]
[SourceQuality "1"]

1. e4 Nc6 2. Nf3 e5 3. c3 Nf6 4. d4 exd4 5. e5 Nd5 6. Qb3 Nb6 7. cxd4 d5 8. a3
Be7 9. Bd3 Bg4 10. Be3 Qd7 11. Nbd2 Bf5 12. O-O O-O 13. Rac1 f6 14. Bb5 a6 15.
Bxc6 bxc6 16. exf6 Bxf6 17. Ne5 Bxe5 18. dxe5 Rae8 19. Bc5 Rf7 20. Rfe1 Rb8 21.
Nf3 Be6 22. Nd4 Rf4 23. g3 Rg4 24. f4 Rg6 25. Qd3 1-0

[Event "Moscow-ch (Women)"]
[Site "Moscow"]
[Date "2013.03.26"]
[Round "5"]
[White "Bukhteeva, Viktoria"]
[Black "Zherebtsova, Alexandra"]
[Result "1/2-1/2"]
[WhiteElo "2170"]
[BlackElo "2088"]
[PlyCount "82"]
[EventDate "2013.03.22"]
[EventType "swiss"]
[EventRounds "9"]
[EventCountry "RUS"]
[SourceTitle "CBM 153 Extra"]
[Source "ChessBase"]
[SourceDate "2013.04.22"]
[SourceVersion "1"]
[SourceVersionDate "2013.04.22"]
[SourceQuality "1"]

1. e4 e5 2. Nf3 Nc6 3. c3 Nf6 4. d4 exd4 5. e5 Nd5 6. cxd4 Bb4+ 7. Bd2 O-O 8.
Nc3 Bxc3 9. bxc3 d6 10. exd6 Re8+ 11. Be2 Qxd6 12. O-O Bg4 13. Re1 Re7 14. h3
Bh5 15. Nh4 Bxe2 16. Rxe2 Qf6 17. Rxe7 Qxe7 18. Qg4 Nf6 19. Qf3 Qe4 20. Qg3 Re8
21. Re1 Qc2 22. Rxe8+ Nxe8 23. Qe3 Kf8 24. a3 Nd6 25. Nf3 Nc4 26. Qg5 Nxd2 27.
Qxd2 Qxd2 28. Nxd2 Ke7 29. Kf1 Ke6 30. Ke2 f6 31. Kd3 Ne7 32. g3 Nf5 33. c4 c6
34. Ne4 b6 35. Nc3 Ne7 36. g4 f5 37. Ke3 fxg4 38. hxg4 g6 39. Ne2 b5 40. cxb5
cxb5 41. Ke4 Kd6 1/2-1/2

[Event "FICS unrated standard game"]
[Site "FICS freechess.org"]
[Date "2013.03.26"]
[Round "?"]
[White "WFMBukhteeva"]
[Black "AZherebtsova"]
[Result "1/2-1/2"]
[WhiteElo "2170"]
[BlackElo "2088"]
[PlyCount "49"]
[EventDate "2013.??.??"]
[SourceTitle "OM Portal C 201906"]
[Source "Opening Master"]
[SourceDate "2019.06.27"]
[SourceVersion "1"]
[SourceVersionDate "2019.06.27"]
[SourceQuality "1"]

1. e4 e5 2. Nf3 Nc6 3. c3 Nf6 4. d4 exd4 5. e5 Nd5 6. cxd4 Bb4+ 7. Bd2 O-O 8.
Nc3 Bxc3 9. bxc3 d6 10. exd6 Re8+ 11. Be2 Qxd6 12. O-O Bg4 13. Re1 Re7 14. h3
Bh5 15. Nh4 Bxe2 16. Rxe2 Qf6 17. Rxe7 Qxe7 18. Qg4 Nf6 19. Qf3 Qe4 20. Qg3 Re8
21. Re1 Qc2 22. Rxe8+ Nxe8 23. Qe3 Kf8 24. a3 Nd6 25. Nf3 1/2-1/2

[Event "AUT-ch U18"]
[Site "Marz"]
[Date "2013.03.25"]
[Round "3"]
[White "Guetz, Wolfgang"]
[Black "Hofegger, Jakob"]
[Result "1/2-1/2"]
[WhiteElo "1786"]
[BlackElo "1677"]
[PlyCount "66"]
[EventDate "2013.03.24"]
[EventType "swiss"]
[EventRounds "7"]
[EventCountry "AUT"]
[SourceTitle "CBM 153 Extra"]
[Source "ChessBase"]
[SourceDate "2013.04.22"]
[SourceVersion "1"]
[SourceVersionDate "2013.04.22"]
[SourceQuality "1"]

1. e4 e5 2. Nf3 Nc6 3. c3 Nf6 4. d4 Nxe4 5. d5 Nb8 6. Bd3 Nf6 7. Nxe5 Be7 8.
O-O O-O 9. h3 d6 10. Ng4 Nxg4 11. hxg4 Nd7 12. f4 Re8 13. g5 Nf8 14. Qh5 g6 15.
Qh6 Bf5 16. Bxf5 gxf5 17. Be3 Bxg5 18. fxg5 Rxe3 19. g6 Re7 20. gxh7+ Nxh7 21.
Nd2 Re5 22. Rf3 Qf6 23. Qh2 Nf8 24. Rg3+ Ng6 25. Nf3 Re2 26. Ng5 Rae8 27. Qh7+
Kf8 28. Ne6+ R8xe6 29. dxe6 Qxe6 30. Qh6+ Ke8 31. b3 f4 32. Rf3 Qg4 33. Qh3 Qe6
1/2-1/2

[Event "Verbandsliga Sued Baden 1213"]
[Site "Baden"]
[Date "2013.03.24"]
[Round "8.7"]
[White "Schneider, Dominik"]
[Black "Geuss, Paul"]
[Result "1/2-1/2"]
[WhiteElo "2104"]
[BlackElo "2175"]
[PlyCount "96"]
[EventDate "2012.10.21"]
[EventType "team-tourn"]
[EventRounds "9"]
[EventCountry "GER"]
[SourceTitle "EXT 2014"]
[Source "ChessBase"]
[SourceDate "2013.11.20"]
[SourceVersion "1"]
[SourceVersionDate "2013.11.20"]
[SourceQuality "1"]
[WhiteTeam "Offenburg"]
[BlackTeam "Zaehringen"]
[WhiteTeamCountry "GER"]
[BlackTeamCountry "GER"]

1. e4 e5 2. Nf3 Nc6 3. c3 Nf6 4. d4 exd4 5. e5 Nd5 6. Qb3 Nb6 7. cxd4 d5 8. a4
Bb4+ 9. Bd2 a5 10. Bb5 Bd7 11. Nc3 O-O 12. O-O Ne7 13. Bd3 Bf5 14. Nb5 Bxd2 15.
Nxd2 Qd7 16. Rfc1 c6 17. Nd6 Bxd3 18. Qxb6 Rfb8 19. Rc5 Ra6 20. Qb3 Bf5 21.
Rac1 Be6 22. Nf3 Nf5 23. Nxf5 Bxf5 24. Qc3 Qd8 25. Qe3 h6 26. R5c3 Qd7 27. Nh4
Raa8 28. f4 Rf8 29. Qd2 f6 30. Rg3 Kh7 31. Rc5 fxe5 32. fxe5 Be4 33. Rxa5 Rxa5
34. Qxa5 Rf4 35. Nf3 Bxf3 36. Qd2 Qf5 37. gxf3 Rxf3 38. Kg2 Rxg3+ 39. hxg3 Qe4+
40. Kf2 Kg8 41. b3 g5 42. Qc3 Kf7 43. Qb4 Qc2+ 44. Ke3 Qc1+ 45. Kf3 Qd1+ 46.
Kf2 Qc2+ 47. Kf3 Qe4+ 48. Kf2 Qc2+ 1/2-1/2

[Event "Ho Chi Minh City HD Bank op 3rd"]
[Site "Ho Chi Minh City"]
[Date "2013.03.23"]
[Round "8"]
[White "Wang, Chen"]
[Black "Tu, Hoang Thong"]
[Result "1/2-1/2"]
[WhiteElo "2483"]
[BlackElo "2428"]
[PlyCount "79"]
[EventDate "2013.03.19"]
[EventType "swiss"]
[EventRounds "9"]
[EventCountry "VIE"]
[SourceTitle "CBM 153 Extra"]
[Source "ChessBase"]
[SourceDate "2013.04.22"]
[SourceVersion "1"]
[SourceVersionDate "2013.04.22"]
[SourceQuality "1"]

1. e4 e5 2. Nf3 Nc6 3. c3 Nf6 4. d4 Nxe4 5. d5 Ne7 6. Nxe5 Ng6 7. Nxg6 hxg6 8.
Bd3 Nc5 9. O-O Be7 10. Bc2 d6 11. Qf3 O-O 12. Be3 Bg5 13. Bd4 a5 14. Rd1 b6 15.
Nd2 Re8 16. Nf1 Bb7 17. c4 Bf6 18. Ne3 Be5 19. Bxe5 Rxe5 20. b3 Qh4 21. a3 Rae8
22. g3 Qh3 23. b4 Ne4 24. Bxe4 Rxe4 25. Rac1 axb4 26. axb4 Bc8 27. Ra1 f5 28.
Ra7 R4e7 29. c5 bxc5 30. bxc5 g5 31. cxd6 cxd6 32. Rxe7 Rxe7 33. Qg2 Qh5 34. g4
fxg4 35. Qg3 Qg6 36. Rc1 Bd7 37. Nc4 Rf7 38. Qxd6 Qf5 39. Qg3 Qxd5 40. Ne5
1/2-1/2